| 000 | 00878cam a22002531 4500 | ||
|---|---|---|---|
| 001 | sd 49000225 | ||
| 003 | DLC | ||
| 005 | 20260227112735.0 | ||
| 008 | 900816s1944 dcuab 000 0 eng c | ||
| 010 | _asd 49000225 | ||
| 035 | _a(OCoLC)22227732 | ||
| 040 |
_aU.S. Dept. of State. Library _cCSt-H _dDLC |
||
| 042 | _apremarc | ||
| 050 | 0 | 0 |
_aUB250 _b.U33 no. 2127 |
| 082 | _a940.531422 | ||
| 110 | 1 |
_aUnited States. _bOffice of Strategic Services. _bResearch and Analysis Branch. |
|
| 245 | 0 | 0 | _aFinland's capacity to pay the Russian reparations demands. |
| 260 |
_a[Washington] _c1944. |
||
| 300 |
_a41 l. _bmap, tables. _c27 cm. |
||
| 490 | 1 |
_aIts R & A _vno. 2127 |
|
| 650 | 0 |
_aWorld War, 1939-1945 _xReparations. |
|
| 651 | 0 |
_aFinland _xEconomic conditions _y1918- |
|
| 810 | 1 |
_aUnited States. _bDepartment of State. _bOffice of Intelligence Research. _tR & A ; _vno. 2127. |
|
| 999 |
_c90001 _d90001 |
||